|
|
|
|
| LEADER |
01345nam a2200385 a 4500 |
| 001 |
000448810 |
| 003 |
CZ BrMZK |
| 005 |
20210106175410.0 |
| 007 |
ta |
| 008 |
990315s1999 xr e d 0 cze d |
| 015 |
|
|
|a cnb000769402
|
| 020 |
|
|
|a 80-85494-51-5
|
| 035 |
|
|
|a (OCoLC)84981116
|
| 040 |
|
|
|a BOA001
|b cze
|
| 041 |
1 |
|
|a cze
|a mac
|
| 072 |
|
7 |
|a 81
|x Lingvistika. Jazyky
|2 Konspekt
|9 11
|
| 080 |
|
|
|a 811.163.3
|2 MRF
|
| 080 |
|
|
|a 81'36
|2 MRF
|
| 080 |
|
|
|a 811.162.3
|2 MRF
|
| 080 |
|
|
|a (038)81
|2 MRF
|
| 100 |
1 |
|
|a Hora, Karel,
|d 1904-1996
|7 jk01041995
|4 aut
|
| 245 |
1 |
0 |
|a Makedonsko-český slovník s makedonskou gramatikou /
|c Karel Hora ; makedonská gramatika od Františka Václava Mareše
|
| 246 |
3 |
1 |
|a Makedonsko-češki rečnik
|
| 250 |
|
|
|a Vyd. 1.
|
| 260 |
|
|
|a Praha :
|b Euroslavica,
|c 1999
|
| 300 |
|
|
|a 638 s. ;
|c 21 cm
|
| 500 |
|
|
|a Vyd. Slovanský ústav Praha. - Souběž. tit. list makedonsky
|
| 650 |
0 |
7 |
|a makedonština
|7 ph122568
|2 czenas
|
| 650 |
0 |
7 |
|a mluvnice
|7 ph115331
|2 czenas
|
| 650 |
0 |
7 |
|a čeština
|7 ph135292
|2 czenas
|
| 655 |
|
7 |
|a dvojjazyčné překladové slovníky
|7 fd208746
|2 czenas
|
| 700 |
1 |
|
|a Mareš, František Václav,
|d 1922-1994
|7 jk01080180
|4 aut
|
| 910 |
|
|
|a BOA001
|b 2-1066.119
|
| 990 |
|
|
|a BK
|
| 996 |
6 |
|
|b 2610105085
|c 2-1066.119
|l MZK
|r Sklad / do 1 hodiny
|n 0
|p p.v.
|w 000448810
|u 000010
|a 1
|e BOA001
|j MZK50
|s P
|